[Event "Play for Durgesh Fundraiser Blitz"]
[Site "Vishy Anand Arena"]
[Date "2020.09.19"]
[Round "8"]
[White "Francy29"]
[Black "skkeyan"]
[Result "1-0"]
[WhiteElo "2061"]
[BlackElo "2211"]
[Annotator "NA"]
[PlyCount "131"]
[EventDate "2020.09.19"]
[EventType "swiss (blitz)"]

1. d4 d5 2. c4 c6 3. Nf3 Nf6 4. e3 e6 5. b3 Ne4 6. Bd3 f5 7. O-O Nd7 8. Bb2 Bd6 9. Nbd2 Qf6 10. cxd5 exd5 11. Be2 g5 12. Ne1 Qh6 13. Ndf3 Qg7 14. Nd3 g4 15. Nfe5 Nxe5 16. dxe5 Be7 17. Kh1 Qh6 18. Kg1 Be6 19. Nf4 Bg5 20. Nxe6 Qxe6 21. b4 O-O 22. Bd4 h5 23. f3 Nd6 24. f4 Be7 25. exd6 Bxd6 26. a3 Rae8 27. Bd3 a6 28. Rc1 h4 29. Re1 Be7 30. Bb1 Bf6 31. Bxf6 Qxf6 32. Qd4 Qh6 33. a4 g3 34. h3 Re7 35. b5 axb5 36. axb5 Qe6 37. bxc6 bxc6 38. Ba2 Kh7 39. Qd1 Kg6 40. Bb1 Kh6 41. Qd4 Rfe8 42. Qb6 Rc8 43. Qc5 Rb7 44. Qd4 Rcb8 45. Qe5 Qxe5 46. fxe5 Kg5 47. Bd3 Rb3 48. Bf1 R8b6 49. Rc5 Rb2 50. Rec1 f4 51. exf4+ Kxf4 52. e6 R2b4 53. Re1 Re4 54. Rxe4+ dxe4 55. e7 Rb8 56. Rxc6 Ke5 57. Rh6 Re8 58. Rh5+ Kd6 59. Rxh4 Rxe7 60. Rg4 e3 61. Rxg3 Re6 62. Be2 Kd5 63. h4 Rh6 64. h5 Rg6 65. hxg6 Kd4 66. g7 1-0

[Event "Play for Durgesh Fundraiser Blitz"]
[Site "Vishy Anand Arena"]
[Date "2020.09.19"]
[Round "8"]
[White "Swayham"]
[Black "Vinniethepooh"]
[Result "0-1"]
[WhiteElo "2057"]
[BlackElo "2215"]
[PlyCount "110"]
[EventDate "2020.09.19"]
[EventType "swiss (blitz)"]

1. e4 c5 2. Nf3 d6 3. d4 cxd4 4. Nxd4 Nf6 5. Nc3 a6 6. Be2 e5 7. Nb3 Be7 8. a4 O-O 9. Be3 Be6 10. O-O Nbd7 11. f4 exf4 12. Bxf4 Ne5 13. Nd4 Nfd7 14. Bf3 Rc8 15. Nde2 Qc7 16. Rc1 Nc4 17. b3 Qb6+ 18. Kh1 Ne3 19. Bxe3 Qxe3 20. Nd5 Bxd5 21. Qxd5 Ne5 22. Nd4 g6 23. Rce1 Qc3 24. Ne2 Qxc2 25. Qxb7 Rc7 26. Qxa6 Qxb3 27. Rb1 Qe3 28. Ng3 Nd3 29. h3 Bh4 30. Qxd6 Rc2 31. Kh2 Nf2 32. Rbe1 Qxf3 33. Qxf8+ Kxf8 34. gxf3 Nxe4+ 35. Re2 Bxg3+ 36. Kg1 Rxe2 37. fxe4 Ra2 38. Ra1 Rxa1+ 39. Kg2 Rxa4 40. Kxg3 Rxe4 41. Kf3 f5 42. h4 Kf7 43. h5 gxh5 44. Kg3 Kf6 45. Kf3 Kg5 46. Kg3 h4+ 47. Kh3 Re3+ 48. Kg2 Kg4 49. Kf2 Ra3 50. Ke2 h3 51. Kf2 h2 52. Kg2 f4 53. Kxh2 f3 54. Kg1 Kg3 55. Kf1 Ra1# 0-1

[Event "Play for Durgesh Fundraiser Blitz"]
[Site "Vishy Anand Arena"]
[Date "2020.09.19"]
[Round "8"]
[White "Dushu2930"]
[Black "Rahulyadav"]
[Result "1-0"]
[WhiteElo "2050"]
[BlackElo "1694"]
[Annotator "NA"]
[PlyCount "65"]
[EventDate "2020.09.19"]
[EventType "swiss (blitz)"]

1. e4 e5 2. Nf3 Nc6 3. Nc3 Nf6 4. Bb5 Bb4 5. O-O d6 6. d3 O-O 7. Bg5 h6 8. Bxf6 Qxf6 9. Nd5 Qd8 10. Bxc6 Bc5 11. Ba4 c6 12. Ne3 b5 13. Bb3 Be6 14. c3 Qb6 15. d4 exd4 16. cxd4 Bb4 17. Bxe6 fxe6 18. Qb3 c5 19. Qxe6+ Kh8 20. Nd5 Qa5 21. Nh4 Rae8 22. Ng6+ Kh7 23. Nxf8+ Rxf8 24. Nxb4 Qxb4 25. dxc5 Qxc5 26. Rad1 Rf6 27. Qd5 Qb4 28. Qd4 Qa5 29. a3 h5 30. h3 Rg6 31. Qd5 Kh6 32. Qf5 Qa4 33. Rd5 1-0

[Event "Play for Durgesh Fundraiser Blitz"]
[Site "Vishy Anand Arena"]
[Date "2020.09.19"]
[Round "8"]
[White "Samriddhaa"]
[Black "RACEKING"]
[Result "0-1"]
[WhiteElo "2044"]
[BlackElo "2414"]
[PlyCount "44"]
[EventDate "2020.09.19"]
[EventType "swiss (blitz)"]

1. e4 c6 2. d4 d5 3. Nc3 dxe4 4. Nxe4 Nf6 5. Nxf6+ exf6 6. c3 Bd6 7. Bd3 O-O 8. Qc2 Re8+ 9. Ne2 h5 10. Be3 Nd7 11. O-O-O Nf8 12. h3 Be6 13. g4 h4 14. Kb1 b5 15. Nf4 Bxf4 16. Bxf4 Qd5 17. b3 a5 18. Rhg1 a4 19. Kb2 axb3 20. axb3 b4 21. Bc4 Qf3 22. Rd3 Qxf4 0-1

[Event "Play for Durgesh Fundraiser Blitz"]
[Site "Vishy Anand Arena"]
[Date "2020.09.19"]
[Round "8"]
[White "toosieslide"]
[Black "neshaqn"]
[Result "1-0"]
[WhiteElo "2037"]
[BlackElo "1897"]
[Annotator "NA"]
[PlyCount "169"]
[EventDate "2020.09.19"]
[EventType "swiss (blitz)"]

1. d4 Nf6 2. c4 c5 3. d5 b5 4. cxb5 a6 5. e3 g6 6. Nc3 Bg7 7. Nf3 O-O 8. Be2 d6 9. a4 axb5 10. Bxb5 Ba6 11. O-O Qb6 12. Ra3 Bxb5 13. Nxb5 Na6 14. Nc3 Rfb8 15. e4 Nd7 16. Nd2 Nb4 17. Nc4 Qa6 18. Nb5 Qc8 19. Bg5 Bf8 20. Re3 h6 21. Bh4 g5 22. Bg3 Bg7 23. e5 dxe5 24. Nxe5 Nxe5 25. Bxe5 Bxe5 26. Rxe5 Qd7 27. Qh5 Kg7 28. h4 f6 29. Re2 Nxd5 30. Rd1 e6 31. hxg5 hxg5 32. Nc3 Rh8 33. Qg4 Qf7 34. Nxd5 exd5 35. Rde1 Rae8 36. Qf5 Rxe2 37. Rxe2 Re8 38. Rxe8 Qxe8 39. Qxd5 Qe1+ 40. Kh2 Qxf2 41. Qb7+ Kg6 42. Qe4+ Kg7 43. Qe7+ Kg6 44. Qb7 Qf4+ 45. Kg1 Qd4+ 46. Kh1 Qd1+ 47. Kh2 Qd6+ 48. Kh1 g4 49. Qe4+ f5 50. Qe8+ Kg5 51. Qg8+ Kf4 52. Qc4+ Kg3 53. Qc3+ Kh4 54. Qh8+ Kg5 55. Qg7+ Kf4 56. Qc3 Qd1+ 57. Kh2 g3+ 58. Qxg3+ Ke4 59. Qf3+ Qxf3 60. gxf3+ Kd4 61. a5 Kd5 62. a6 Kc6 63. a7 Kb7 64. Kg3 Kxa7 65. Kf4 Kb6 66. Kxf5 Kb5 67. Ke4 Kb4 68. f4 Kb3 69. Kd5 c4 70. Kd4 Kb4 71. f5 Kb3 72. f6 Kb4 73. f7 Kb3 74. f8=Q Kc2 75. Qb8 Kd2 76. Kxc4 Ke2 77. Qb3 Kf2 78. Qd3 Kg2 79. b4 Kf2 80. b5 Kg2 81. b6 Kf2 82. b7 Kg2 83. b8=Q Kf2 84. Qb2+ Ke1 85. Qdb1# 1-0

[Event "Play for Durgesh Fundraiser Blitz"]
[Site "Vishy Anand Arena"]
[Date "2020.09.19"]
[Round "8"]
[White "Aditya_dpawn"]
[Black "Stark11"]
[Result "1-0"]
[WhiteElo "2036"]
[BlackElo "2003"]
[Annotator "NA"]
[PlyCount "59"]
[EventDate "2020.09.19"]
[EventType "swiss (blitz)"]

1. e4 g6 2. d4 Bg7 3. Nf3 c5 4. Nc3 cxd4 5. Nxd4 Nc6 6. Be3 Nf6 7. Nb3 O-O 8. Be2 d6 9. f4 Bd7 10. g4 Qc8 11. f5 Ne5 12. g5 Ne8 13. Nd5 Qd8 14. O-O e6 15. f6 exd5 16. fxg7 Nxg7 17. Qxd5 Bc6 18. Qd2 Bxe4 19. Rad1 d5 20. Bf4 Nc6 21. Nd4 Nxd4 22. Qxd4 Ne6 23. Qd2 Nxf4 24. Qxf4 Qb6+ 25. Rf2 Qxb2 26. Rdf1 Qxa2 27. Qc7 d4 28. Bc4 Qa3 29. Bxf7+ Kh8 30. Qe5# 1-0

[Event "Play for Durgesh Fundraiser Blitz"]
[Site "Vishy Anand Arena"]
[Date "2020.09.19"]
[Round "8"]
[White "SymbolX"]
[Black "Khs95"]
[Result "1-0"]
[WhiteElo "2000"]
[BlackElo "1937"]
[Annotator "NA"]
[PlyCount "135"]
[EventDate "2020.09.19"]
[EventType "swiss (blitz)"]

1. c4 g6 2. g3 Bg7 3. Bg2 c6 4. Nc3 Na6 5. e4 Nc7 6. Nge2 e6 7. O-O d6 8. d4 Ne7 9. Be3 O-O 10. Qd2 f5 11. Bh6 Ne8 12. Rad1 Qc7 13. Rfe1 fxe4 14. Nxe4 d5 15. Bxg7 Nxg7 16. Ng5 h6 17. Nf3 Kh7 18. Ne5 Ngf5 19. Nf4 g5 20. Nfd3 Ng6 21. cxd5 exd5 22. Nxg6 Kxg6 23. Ne5+ Kg7 24. f4 gxf4 25. Qxf4 Nd6 26. Qh4 Qd8 27. Qh5 Qg5 28. Qe2 Bf5 29. Nf3 Qf6 30. Nh4 Rae8 31. Qf2 Rxe1+ 32. Rxe1 Qg5 33. Re5 Qc1+ 34. Bf1 Bh3 35. Re7+ Kg8 36. Re1 Qg5 37. Qe2 Bg4 38. Qe7 Ne4 39. Rxe4 dxe4 40. Bc4+ Kh8 41. Qxf8+ Kh7 42. Qf7+ Qg7 43. Qxg7+ Kxg7 44. Kf2 b5 45. Bb3 Kf6 46. Ke3 a5 47. Kxe4 a4 48. Bg8 Kg7 49. Kf4 Bd7 50. Nf5+ Bxf5 51. Kxf5 Kxg8 52. Ke6 b4 53. Kd6 a3 54. bxa3 b3 55. axb3 c5 56. dxc5 h5 57. c6 h4 58. c7 Kg7 59. c8=Q h3 60. Qg4+ Kh6 61. Qxh3+ Kg6 62. Qg4+ Kf6 63. h4 Kf7 64. h5 Kf6 65. h6 Kf7 66. h7 Kf6 67. h8=Q+ Kf7 68. Qgg7# 1-0

[Event "Play for Durgesh Fundraiser Blitz"]
[Site "Vishy Anand Arena"]
[Date "2020.09.19"]
[Round "8"]
[White "Shubh_2007"]
[Black "Suyash45"]
[Result "1-0"]
[WhiteElo "1986"]
[BlackElo "1966"]
[Annotator "NA"]
[PlyCount "89"]
[EventDate "2020.09.19"]
[EventType "swiss (blitz)"]

1. e4 c5 2. Nf3 d6 3. Bb5+ Nd7 4. O-O Ngf6 5. Re1 e5 6. c3 a6 7. Bf1 b5 8. d4 Bb7 9. d5 Be7 10. a4 c4 11. Na3 O-O 12. Bg5 Qb6 13. Be3 Nc5 14. Bxc5 Qxc5 15. Qc2 Bd8 16. axb5 axb5 17. Rad1 Bb6 18. Re2 Bc8 19. h3 Bd7 20. g3 Rfc8 21. Bg2 b4 22. cxb4 Qxb4 23. Rc1 c3 24. Qb1 cxb2 25. Rxc8+ Rxc8 26. Qxb2 Qxb2 27. Rxb2 Bc5 28. Nc4 Nxe4 29. Nfxe5 dxe5 30. Bxe4 Bd4 31. Rb7 Bxh3 32. Nd6 Rf8 33. Nf5 g6 34. Ne7+ Kg7 35. Kh2 Bc8 36. Rc7 Ba6 37. d6 Bxf2 38. d7 Bb5 39. Bc6 Bb6 40. Rb7 Bxc6 41. Nxc6 Bd8 42. Rb8 Bc7 43. Rc8 Bd6 44. Rxf8 Bxf8 45. d8=Q 1-0

[Event "Play for Durgesh Fundraiser Blitz"]
[Site "Vishy Anand Arena"]
[Date "2020.09.19"]
[Round "8"]
[White "Attacker_97"]
[Black "Roedor87"]
[Result "1-0"]
[WhiteElo "1984"]
[BlackElo "2034"]
[Annotator "NA"]
[PlyCount "83"]
[EventDate "2020.09.19"]
[EventType "swiss (blitz)"]

1. e4 c5 2. Nf3 Nc6 3. d4 cxd4 4. Nxd4 Nf6 5. Nc3 e5 6. Ndb5 d6 7. a4 a6 8. Na3 Bg4 9. f3 Be6 10. Bc4 Rc8 11. O-O Be7 12. Bg5 O-O 13. Bxf6 Bxf6 14. Nd5 Bg5 15. Kh1 Nd4 16. c3 Nc6 17. Qe2 Kh8 18. Rad1 Ne7 19. g3 f5 20. Nb6 Bxc4 21. Naxc4 Rc6 22. a5 fxe4 23. fxe4 g6 24. Nxe5 dxe5 25. Rxd8 Rxd8 26. Qg4 Bf6 27. c4 Kg7 28. b3 Rcd6 29. Nd5 Nxd5 30. exd5 Re8 31. Qe4 b6 32. axb6 Rxb6 33. c5 Rxb3 34. d6 Rc3 35. c6 Rd8 36. Qd5 e4 37. Rxf6 Kxf6 38. Qd4+ Ke6 39. Qxc3 Kxd6 40. Qf6+ Kc7 41. Qe7+ Kc8 42. Qb7# 1-0

[Event "Play for Durgesh Fundraiser Blitz"]
[Site "Vishy Anand Arena"]
[Date "2020.09.19"]
[Round "8"]
[White "Harry Grieve"]
[Black "Ahaanmehta"]
[Result "1-0"]
[WhiteElo "1984"]
[BlackElo "1688"]
[PlyCount "127"]
[EventDate "2020.09.19"]
[EventType "swiss (blitz)"]

1. e4 e5 2. Nf3 Nc6 3. Bb5 a6 4. Ba4 Nf6 5. O-O Be7 6. d3 b5 7. Bb3 d6 8. Re1 Na5 9. Nbd2 Nxb3 10. axb3 O-O 11. Nf1 Bg4 12. h3 Bh5 13. Ng3 Bg6 14. Nh4 c5 15. Nxg6 fxg6 16. Bd2 Nd7 17. Qg4 Nf6 18. Qe6+ Kh8 19. f4 Qd7 20. Qxd7 Nxd7 21. Rf1 exf4 22. Rxf4 Rxf4 23. Bxf4 Kg8 24. Nf1 Rf8 25. Bg3 Ra8 26. Ne3 a5 27. Nd5 Bf8 28. Nc7 Ra7 29. Nxb5 Ra6 30. Kf2 Kf7 31. Ke3 Ke6 32. Be1 Kf6 33. Rxa5 Rxa5 34. Bxa5 Kg5 35. Bd8+ Kh5 36. Bc7 Kh4 37. Kf2 d5 38. exd5 Nf6 39. c4 Kg5 40. Bd8 Kf5 41. Bxf6 Kxf6 42. d4 cxd4 43. Ke2 Ke5 44. Kd3 Bc5 45. b4 Bxb4 46. Nxd4 Bf8 47. Nc6+ Kd6 48. b4 h6 49. Kd4 g5 50. c5+ Kd7 51. Ne5+ Kc7 52. d6+ Kc8 53. Kd5 h5 54. Ng6 Bxd6 55. Kxd6 Kd8 56. b5 Kc8 57. c6 Kd8 58. b6 Kc8 59. Ne7+ Kb8 60. c7+ Kb7 61. c8=Q+ Kxb6 62. Qb8+ Ka5 63. Nc6+ Ka4 64. Qb4# 1-0

[Event "Play for Durgesh Fundraiser Blitz"]
[Site "Vishy Anand Arena"]
[Date "2020.09.19"]
[Round "8"]
[White "Furace"]
[Black "Samudragupta"]
[Result "0-1"]
[WhiteElo "1955"]
[BlackElo "2336"]
[PlyCount "84"]
[EventDate "2020.09.19"]
[EventType "swiss (blitz)"]

1. e4 Nc6 2. d4 e5 3. dxe5 Nxe5 4. Nf3 Bb4+ 5. c3 Nxf3+ 6. Qxf3 Bc5 7. Bc4 Qf6 8. Qg3 d6 9. O-O Qg6 10. Be3 Qxg3 11. hxg3 Bxe3 12. fxe3 Be6 13. Bxe6 fxe6 14. Nd2 Ke7 15. Rf4 Nf6 16. Raf1 Rhf8 17. Kf2 g5 18. Rf3 g4 19. Rf4 e5 20. Rf5 Nxe4+ 21. Nxe4 Rxf5+ 22. Kg1 Rxf1+ 23. Kxf1 Rf8+ 24. Ke2 d5 25. Nc5 b6 26. Na6 Kd6 27. Nb4 c5 28. Nd3 c4 29. Nf2 h5 30. Nd1 b5 31. Nf2 a5 32. Nd1 b4 33. b3 cxb3 34. axb3 bxc3 35. Nxc3 Rb8 36. e4 d4 37. Nd5 Rxb3 38. Kf2 a4 39. Nf6 a3 40. Nxh5 a2 41. Nf6 a1=Q 42. Nxg4 Qa2+ 0-1

[Event "Play for Durgesh Fundraiser Blitz"]
[Site "Vishy Anand Arena"]
[Date "2020.09.19"]
[Round "8"]
[White "Ccc2016"]
[Black "Abhiharry726"]
[Result "1-0"]
[WhiteElo "1948"]
[BlackElo "1615"]
[Annotator "NA"]
[PlyCount "41"]
[EventDate "2020.09.19"]
[EventType "swiss (blitz)"]

1. e4 e5 2. Nf3 Nc6 3. Nc3 Nf6 4. a3 d6 5. d4 Bg4 6. dxe5 Bxf3 7. Qxf3 Nxe5 8. Qg3 Nh5 9. Qh3 Nf6 10. Be2 Qd7 11. Qg3 Neg4 12. h3 Nh6 13. Be3 O-O-O 14. O-O-O Kb8 15. e5 dxe5 16. Rxd7 Rxd7 17. Qxe5 Bd6 18. Qb5 Re8 19. Bf3 b6 20. Qc6 Kc8 21. Qa8# 1-0

[Event "Play for Durgesh Fundraiser Blitz"]
[Site "Vishy Anand Arena"]
[Date "2020.09.19"]
[Round "8"]
[White "srujankeerthan2005"]
[Black "Ilamparthi"]
[Result "1-0"]
[WhiteElo "1938"]
[BlackElo "2159"]
[Annotator "NA"]
[PlyCount "171"]
[EventDate "2020.09.19"]
[EventType "swiss (blitz)"]

1. e4 c5 2. Nf3 d6 3. d4 cxd4 4. Nxd4 Nf6 5. Nc3 g6 6. Be3 Bg7 7. f3 O-O 8. Qd2 Nc6 9. g4 Be6 10. O-O-O Ne5 11. Kb1 Bc4 12. Qe1 Rc8 13. h4 Bxf1 14. Rxf1 Nc4 15. Bc1 Qb6 16. Nb3 Nd7 17. Nd5 Qd8 18. h5 e6 19. Ne3 Nde5 20. hxg6 fxg6 21. f4 Nxe3 22. Bxe3 Nxg4 23. Bc5 Qf6 24. e5 Qf5 25. Bxd6 Qxc2+ 26. Ka1 Rfd8 27. Rc1 Qd3 28. Nc5 Qf5 29. Nxb7 Rxc1+ 30. Qxc1 Re8 31. Qc6 Ra8 32. Nc5 Rf8 33. Nd7 Ne3 34. Rc1 Rd8 35. Be7 Rxd7 36. Qc8+ Bf8 37. Bxf8 Nc2+ 38. Rxc2 Rd1+ 39. Rc1 Rxc1+ 40. Qxc1 Kxf8 41. Qc8+ Kg7 42. Qd7+ Kh6 43. Qxa7 Qxf4 44. a4 g5 45. a5 g4 46. Qb6 g3 47. Qxe6+ Kg5 48. Qe7+ Kg4 49. Qg7+ Kf3 50. e6 g2 51. e7 Qa4+ 52. Kb1 Qd1+ 53. Ka2 Qa4+ 54. Kb1 Qe4+ 55. Ka1 Qxe7 56. Qxe7 g1=Q+ 57. Ka2 h5 58. Qf7+ Kg3 59. Qxh5 Qa7 60. Qb5 Kf4 61. Qb6 Qd7 62. b3 Qd2+ 63. Ka3 Ke4 64. Ka4 Qc1 65. Qb4+ Kd3 66. Kb5 Qf1 67. Qc4+ Ke3 68. Qxf1 Kd2 69. a6 Kc3 70. a7 Kxb3 71. a8=Q Kb2 72. Kc6 Kc3 73. Kd7 Kd4 74. Ke8 Ke5 75. Qd8 Ke6 76. Qh1 Kf5 77. Qdh4 Ke5 78. Qh8+ Ke6 79. Q1h7 Kd6 80. Q8g7 Kc6 81. Qhh6+ Kb5 82. Qgg5+ Kc4 83. Qhh4+ Kd3 84. Qgg3+ Kc2 85. Qhh2+ Kb1 86. Qgg1# 1-0

[Event "Play for Durgesh Fundraiser Blitz"]
[Site "Vishy Anand Arena"]
[Date "2020.09.19"]
[Round "8"]
[White "Advait30"]
[Black "Aradhya"]
[Result "0-1"]
[WhiteElo "1934"]
[BlackElo "2347"]
[Annotator "NA"]
[PlyCount "110"]
[EventDate "2020.09.19"]
[EventType "swiss (blitz)"]

1. e4 e5 2. Nf3 Nc6 3. d4 exd4 4. Nxd4 Nf6 5. Nxc6 bxc6 6. Bd3 d5 7. exd5 cxd5 8. O-O Be7 9. Nc3 O-O 10. Bg5 Bb7 11. Re1 h6 12. Bxf6 Bxf6 13. Qf3 g6 14. Qg3 Kg7 15. Rad1 c6 16. Be2 Qb8 17. Na4 Bc8 18. Qxb8 Rxb8 19. b3 h5 20. c4 d4 21. Bf3 Bd7 22. Nc5 Be8 23. Ne4 Be5 24. Nd2 f6 25. Ne4 Bf7 26. Nc5 Rbc8 27. Nd3 Rfe8 28. Re4 c5 29. Rde1 Bd6 30. Rxe8 Rxe8 31. Rxe8 Bxe8 32. Bd5 g5 33. g3 a5 34. Be4 a4 35. f4 axb3 36. axb3 Bg6 37. f5 Be8 38. Nf2 Kf7 39. Bd5+ Ke7 40. Nd3 Bd7 41. Be4 Bc8 42. Kf2 Kd7 43. h3 Kc7 44. g4 h4 45. Nb2 Kb6 46. Nd3 Bd7 47. Kf3 Be8 48. Bd5 Ka5 49. Ke4 Kb6 50. Be6 Bc6+ 51. Bd5 Bd7 52. Be6 Bc6+ 53. Bd5 Be8 54. Be6 Kc7 55. Kd5 Bc6# 0-1

[Event "Play for Durgesh Fundraiser Blitz"]
[Site "Vishy Anand Arena"]
[Date "2020.09.19"]
[Round "8"]
[White "Neevptl"]
[Black "knowledge_gm"]
[Result "1/2-1/2"]
[WhiteElo "1923"]
[BlackElo "1899"]
[Annotator "NA"]
[PlyCount "164"]
[EventDate "2020.09.19"]
[EventType "swiss (blitz)"]

1. e4 c5 2. Nf3 d6 3. d3 Nf6 4. Nbd2 g6 5. g3 Bg7 6. Bg2 b5 7. O-O O-O 8. Re1 Bb7 9. c3 Nbd7 10. Nf1 a5 11. Ne3 Ne8 12. a4 b4 13. Bd2 e5 14. h4 h5 15. Nc4 Nb6 16. Nxb6 Qxb6 17. c4 Nc7 18. b3 Ne6 19. Qc1 Kh7 20. Ng5+ Nxg5 21. Bxg5 f5 22. Qd2 Rf7 23. Rf1 Raf8 24. Rae1 f4 25. Bh3 fxg3 26. fxg3 Qc7 27. Qe2 Bh6 28. Bxh6 Kxh6 29. Rxf7 Rxf7 30. Rf1 Rxf1+ 31. Qxf1 Kg7 32. Be6 Qe7 33. Bh3 Bc6 34. Qf3 Be8 35. Kg2 Qf7 36. Qxf7+ Bxf7 37. Kf2 Kf6 38. Bg2 g5 39. Bf3 g4 40. Be2 Be6 41. Bd1 Ke7 42. Bc2 Kf6 43. Bb1 Ke7 44. Ba2 Bd7 45. Bb1 Kf6 46. Kg2 Ke7 47. Kh2 Kf6 48. Kg2 Kg7 49. Kg1 Kh7 50. Bc2 Kg6 51. Kf1 Kf7 52. Bd1 Kf6 53. Kf2 Bxa4 54. bxa4 Kf7 55. Bb3 Ke7 56. Ke2 Kf6 57. Ke3 Kg6 58. d4 Kf6 59. dxc5 dxc5 60. Kd3 Ke6 61. Bd1 Kf6 62. Bxg4 hxg4 63. Kc2 Kg6 64. Kb2 Kh5 65. Kb3 Kg6 66. Kc2 Kh5 67. Kb2 Kg6 68. Kb3 Kh5 69. Kc2 Kh6 70. Kb1 Kh5 71. Kc1 Kg6 72. Kb2 Kh5 73. Kb3 Kh6 74. Kc2 Kh5 75. Kb2 Kg6 76. Kb1 Kh5 77. Ka2 Kh6 78. Kb3 Kg7 79. Kc2 Kg6 80. Kd1 Kh5 81. Kc1 Kh6 82. Kb2 Kh5 1/2-1/2

[Event "Play for Durgesh Fundraiser Blitz"]
[Site "Vishy Anand Arena"]
[Date "2020.09.19"]
[Round "8"]
[White "Legacyplayer"]
[Black "aagam aditya e"]
[Result "1-0"]
[WhiteElo "1917"]
[BlackElo "1723"]
[PlyCount "61"]
[EventDate "2020.09.19"]
[EventType "swiss (blitz)"]

1. d4 Nf6 2. c4 e6 3. Nc3 d5 4. cxd5 exd5 5. Bg5 Bb4 6. Qc2 O-O 7. e3 h6 8. Bxf6 Qxf6 9. a3 Bxc3+ 10. bxc3 Bf5 11. Qb3 Nd7 12. Qxd5 c6 13. Qb3 Nb6 14. Nf3 Nd5 15. c4 Nb6 16. Be2 Qg6 17. Nh4 Qg5 18. Nxf5 Qxf5 19. O-O Rfe8 20. Bf3 Re6 21. h3 Rg6 22. Kh2 Re8 23. Rae1 Nd7 24. Bg4 Qg5 25. f4 Qh4 26. g3 Qe7 27. e4 Nf6 28. Bf5 b6 29. Bxg6 fxg6 30. e5 Nh5 31. c5+ 1-0

[Event "Play for Durgesh Fundraiser Blitz"]
[Site "Vishy Anand Arena"]
[Date "2020.09.19"]
[Round "8"]
[White "loss2win"]
[Black "Sohammdh"]
[Result "1-0"]
[WhiteElo "1898"]
[BlackElo "1736"]
[Annotator "NA"]
[PlyCount "65"]
[EventDate "2020.09.19"]
[EventType "swiss (blitz)"]

1. e4 c5 2. Nf3 d6 3. d4 cxd4 4. Qxd4 Nf6 5. e5 dxe5 6. Qxd8+ Kxd8 7. Nxe5 e6 8. Bd3 Bd6 9. Nxf7+ Ke7 10. Nxh8 Nc6 11. O-O Bd7 12. Nc3 Rxh8 13. Bg5 Rf8 14. Rfe1 Kf7 15. Bxf6 gxf6 16. Ne4 Bc7 17. Nc5 Bc8 18. Bc4 Re8 19. Rad1 b6 20. Nxe6 Bxe6 21. Bxe6+ Rxe6 22. Rd7+ Ne7 23. Rxe6 Bxh2+ 24. Kxh2 Kxe6 25. Rxa7 Kd6 26. a4 Nc6 27. Rxh7 Nb4 28. c3 Nd3 29. b4 Nxf2 30. a5 Ng4+ 31. Kg1 bxa5 32. bxa5 Ne5 33. a6 1-0

[Event "Play for Durgesh Fundraiser Blitz"]
[Site "Vishy Anand Arena"]
[Date "2020.09.19"]
[Round "8"]
[White "Ramul"]
[Black "vaca100"]
[Result "0-1"]
[WhiteElo "1882"]
[BlackElo "1763"]
[Annotator "NA"]
[PlyCount "84"]
[EventDate "2020.09.19"]
[EventType "swiss (blitz)"]

1. e4 c5 2. Nf3 g6 3. d4 cxd4 4. Nxd4 Bg7 5. Nc3 Nc6 6. Be3 Nf6 7. Nxc6 bxc6 8. e5 Nd5 9. Nxd5 cxd5 10. Qxd5 Rb8 11. Bc4 O-O 12. O-O Qc7 13. Bb3 Bxe5 14. Rfe1 Bxb2 15. Rad1 Bc3 16. Re2 Ba6 17. Bh6 e6 18. Qe4 Bxe2 19. Qxe2 Bg7 20. Bg5 d5 21. g3 Rfe8 22. Qf3 h6 23. Bf6 Bxf6 24. Qxf6 Qe7 25. Qf3 Red8 26. Rd4 Rd7 27. Rh4 Qg5 28. Rg4 Qe5 29. Ra4 Rbd8 30. Qd3 Qg7 31. Kg2 e5 32. Ra5 e4 33. Qe2 Qc3 34. Qe3 Qxa5 35. c3 Qb6 36. Qc1 Qf6 37. Qc2 d4 38. cxd4 Rxd4 39. Qc5 Rd2 40. Qxa7 Qf3+ 41. Kh3 Rxf2 42. a4 Qh5# 0-1

[Event "Play for Durgesh Fundraiser Blitz"]
[Site "Vishy Anand Arena"]
[Date "2020.09.19"]
[Round "8"]
[White "Mastering tempo"]
[Black "Mraa"]
[Result "1-0"]
[WhiteElo "1859"]
[BlackElo "1533"]
[Annotator "NA"]
[PlyCount "73"]
[EventDate "2020.09.19"]
[EventType "swiss (blitz)"]

1. e4 c5 2. Nc3 d6 3. d3 Nf6 4. g3 a6 5. Bg2 Qc7 6. f4 e6 7. Nf3 Be7 8. O-O O-O 9. Be3 Nc6 10. Bf2 b5 11. a3 Bb7 12. h3 Rac8 13. g4 b4 14. axb4 cxb4 15. Ne2 Nb8 16. Rc1 Nfd7 17. g5 d5 18. e5 Qd8 19. h4 Nc6 20. Nfd4 Nxd4 21. Nxd4 Re8 22. Qg4 Nf8 23. h5 Bc5 24. Bf3 Bxd4 25. Bxd4 Bc6 26. Kh2 Bb5 27. Rg1 b3 28. Be2 Rxc2 29. Rxc2 bxc2 30. Rc1 Qc7 31. Bc3 Ba4 32. d4 Nd7 33. g6 fxg6 34. hxg6 h6 35. Bd3 Nb6 36. Bxa6 Nc4 37. Qe2 1-0

[Event "Play for Durgesh Fundraiser Blitz"]
[Site "Vishy Anand Arena"]
[Date "2020.09.19"]
[Round "8"]
[White "Nihelesh"]
[Black "Kingofblitz"]
[Result "0-1"]
[WhiteElo "1856"]
[BlackElo "1811"]
[Annotator "NA"]
[PlyCount "110"]
[EventDate "2020.09.19"]
[EventType "swiss (blitz)"]

1. b3 b6 2. Bb2 Bb7 3. d4 Nf6 4. Nf3 g6 5. g3 Bg7 6. Bg2 O-O 7. O-O a5 8. a4 e6 9. Re1 Ne4 10. Nbd2 Nxd2 11. Qxd2 d6 12. c4 Nd7 13. Rac1 f5 14. Ng5 Bh6 15. Bxb7 Bxg5 16. f4 Rb8 17. Bf3 Bf6 18. e4 fxe4 19. Rxe4 Re8 20. Rce1 Nf8 21. Bg4 Kf7 22. Qe2 c6 23. Bxe6+ Kg7 24. Bg4 Rxe4 25. Qxe4 c5 26. Kg2 Qc7 27. Ba1 Qb7 28. Qxb7+ Rxb7 29. dxc5 bxc5 30. Bxf6+ Kxf6 31. Rb1 Rb6 32. Kf3 h5 33. Bh3 g5 34. fxg5+ Kxg5 35. Ke4 Ng6 36. Kd5 Ne5 37. Be6 Kf6 38. Rf1+ Ke7 39. Rb1 Rb8 40. Bf5 Rf8 41. Rf1 Rb8 42. Rb1 Kf6 43. Rf1 Ke7 44. Bc2 Rg8 45. h3 Rxg3 46. Rf5 Rxh3 47. Rg5 h4 48. Rg7+ Kf6 49. Ra7 Nf7 50. Rxa5 Rh2 51. Bd1 Rd2+ 52. Kc6 Rxd1 53. Ra7 h3 54. Rd7 h2 55. a5 h1=Q+ 0-1

[Event "Play for Durgesh Fundraiser Blitz"]
[Site "Vishy Anand Arena"]
[Date "2020.09.19"]
[Round "8"]
[White "aaronreeve"]
[Black "Mithil"]
[Result "1/2-1/2"]
[WhiteElo "1851"]
[BlackElo "2072"]
[PlyCount "89"]
[EventDate "2020.09.19"]
[EventType "swiss (blitz)"]

1. e4 c6 2. c4 d5 3. cxd5 cxd5 4. exd5 Qxd5 5. Nc3 Qd8 6. d4 Nf6 7. Nf3 e6 8. Bc4 Be7 9. O-O O-O 10. d5 exd5 11. Nxd5 Nxd5 12. Bxd5 Nc6 13. Re1 Bg4 14. b3 Bf6 15. Rb1 Bf5 16. Ba3 Bxb1 17. Bxf8 Kxf8 18. Bxc6 Qxd1 19. Rxd1 Bxa2 20. Bxb7 Rb8 21. Bd5 Rb5 22. Bc4 Rb6 23. Rd3 a5 24. Bd5 a4 25. Nd2 Bg5 26. f4 Bxf4 27. bxa4 Bxd5 28. Rxd5 Rb2 29. Nf3 Be3+ 30. Kf1 Rf2+ 31. Ke1 Rxg2 32. a5 Ra2 33. Ne5 Bf4 34. Nc6 g6 35. Rd8+ Kg7 36. Ra8 Bxh2 37. a6 Bg3+ 38. Kf1 h5 39. a7 h4 40. Rc8 h3 41. a8=Q Rf2+ 42. Ke1 Ra2+ 43. Kf1 Rf2+ 44. Ke1 Ra2+ 45. Kf1 1/2-1/2

[Event "Play for Durgesh Fundraiser Blitz"]
[Site "Vishy Anand Arena"]
[Date "2020.09.19"]
[Round "8"]
[White "MirageFafnir"]
[Black "Kaspypran"]
[Result "0-1"]
[WhiteElo "1844"]
[BlackElo "1887"]
[Annotator "NA"]
[PlyCount "150"]
[EventDate "2020.09.19"]
[EventType "swiss (blitz)"]

1. e4 Nf6 2. e5 Nd5 3. c4 Nb6 4. d4 d6 5. exd6 exd6 6. Nc3 Be7 7. Nf3 O-O 8. Be2 Be6 9. b3 d5 10. c5 N6d7 11. O-O b6 12. b4 a5 13. cxb6 cxb6 14. bxa5 bxa5 15. a4 Nc6 16. Nb5 Qb6 17. Bf4 Bf6 18. Rb1 Nb4 19. Bc7 Qb7 20. Bd6 Bf5 21. Bxf8 Nxf8 22. Rc1 Qd7 23. Rc7 Qd8 24. Qd2 Ne6 25. Rc6 Nxc6 26. Rc1 Nb4 27. h3 h6 28. g4 Be4 29. Ne5 Bxe5 30. dxe5 Qg5 31. Qxg5 hxg5 32. f3 Bd3 33. Bxd3 Nxd3 34. Rc3 Nef4 35. Kf1 Nxe5 36. Nd4 Rb8 37. Nb5 Nxh3 38. Rc5 Nf4 39. Rc7 Rd8 40. Kf2 d4 41. Rc2 d3 42. Rd2 Nc4 43. Rd1 d2 44. Nc3 Re8 45. Rb1 Nd3+ 46. Kg3 Re1 47. Rb8+ Kh7 48. Rc8 Ne3 49. Rd8 d1=Q 50. Nxd1 Rxd1 51. Rd7 Kg6 52. Rd6+ f6 53. Ra6 Nc4 54. Rc6 Nde5 55. Rc5 Rd3 56. Kg2 Nb2 57. Rxa5 Rxf3 58. Ra7 Ra3 59. a5 Nc6 60. a6 Nxa7 61. Kf2 Rxa6 62. Ke2 Ra4 63. Ke3 Rxg4 64. Kd2 f5 65. Kc2 f4 66. Kxb2 f3 67. Kc3 f2 68. Kb3 f1=Q 69. Kb2 Qd1 70. Kc3 Rg2 71. Kb4 Rc2 72. Ka5 Nb5 73. Ka6 Nd4 74. Kb6 Qb1+ 75. Ka5 Ra2# 0-1

[Event "Play for Durgesh Fundraiser Blitz"]
[Site "Vishy Anand Arena"]
[Date "2020.09.19"]
[Round "8"]
[White "Aditya_06"]
[Black "MMT2007"]
[Result "0-1"]
[WhiteElo "1841"]
[BlackElo "1915"]
[Annotator "NA"]
[PlyCount "20"]
[EventDate "2020.09.19"]
[EventType "swiss (blitz)"]

1. d4 Nf6 2. c4 g6 3. Nc3 d5 4. cxd5 Nxd5 5. e4 Nxc3 6. bxc3 Bg7 7. Bc4 O-O 8. Ne2 c5 9. O-O Qc7 10. Be3 cxd4 0-1